000
00262pam a2200121 a 4500
020
_c
041
_h
100
_a
J.J. Roy Burman
245
_a
Sacred Groves Among Communities
260
_b
Mittal Publication
_c
1ed Ed. 2003
300
_a
495
930
_a
1704
999
_c
247557
_d
247557